000 00493nmm a2200169Ia 4500
008 251105s9999||||xx |||||||||||||||||und||
041 _aspa
100 _aAmis, Kignsley
245 0 _aCuentos completos
264 _a[Madrid, España] :
_bImpedimenta,
_c[Fecha de publicación no identificada]
300 _a576 páginas
650 _aEnglish Narrative
700 _aAmis, Kignsley
700 1 _a Vicedo, Raquel
856 _uhttps://public.digitaliapublishing.com/a/87204
942 _cCF
999 _c61905
_d61905